000 00796nam a2200277 a 4500
005 20180803165004.0
008 140305b1984 ve ||||| |||| 00| 0 spa d
041 _aspa
044 _ave
090 _aLB
_b02131
100 _aAlvarez Sierra, José Ramón
_915465
245 _aMariposas diurnas de Venezuela introducción a su conocimiento
260 _aCaracas
_c1984
_bs.e.
300 _a199
650 _aMariposas diurnas
_94497
650 _aMétodos de campo
_93855
650 _aMétodos de laboratorio
_93515
650 _aMorfología
_97311
650 _aEstados larvales
_912760
650 _aLepidoptera
_94329
650 _aLepidopteros
_94756
650 _aInventarios
_992201
662 _aVenezuela
700 _aAlvarez Corral, José Ramón
_915466
942 _cImpreso
_2z
999 _c2308
_d2308